Dynamics in Logistics : proceedings of the 8th International Conference LDIC 2022, Bremen, Germany /

Salvato in:
Dettagli Bibliografici
Ente Autore: The International Conference on Dynamics in Logistics 2022
Altri autori: Freitag, Michael (Compilatore), Kinra, Aseem (Compilatore)
Natura: Atti del Convegno Libro
Lingua:inglese
Pubblicazione: Cham : Springer Nature, 2022
Edizione:1. vyd.
Accesso online:https://link.springer.com/content/pdf/10.1007/978-3-031-05359-7.pdf
Tags: Aggiungi Tag
Nessun Tag, puoi essere il primo ad aggiungerne!!

MARC

LEADER 00000nam a22000003a 4500
001 0095977
003 SK-STU
005 20220630112409.2
007 ta
008 220630s ----xo-----e------000-0-----d
020 |a 978-3-031-05358-0 
020 |a 978-3-031-05359-7 (eBook) 
024 7 |2 DOI  |a 10.1007/978-3-031-05359-7 
040 |a STU  |b slo 
041 0 |a eng 
044 |a sz 
111 2 |a The International Conference on Dynamics in Logistics 2022  |n 8th  |d 23. - 25. 2. 2022, Brémy, Nemecko 
245 1 0 |a Dynamics in Logistics :  |b proceedings of the 8th International Conference LDIC 2022, Bremen, Germany /  |c zost. Michael Freitag ; Aseem Kinra 
250 |a 1. vyd. 
260 |a Cham :  |b Springer Nature,  |c 2022 
300 |a 500 s. 
490 1 |v Lecture Notes in Logistics 
700 1 |a Freitag, Michael  |4 com 
700 1 |a Kinra, Aseem  |4 com 
856 4 0 |u https://link.springer.com/content/pdf/10.1007/978-3-031-05359-7.pdf 
996 |c V* 2661/sc-22  |l VV2  |s P  |a 0  |w 0095977_0001